Obraz katolické církve v českých a slovenských médiích v letech 2015-2018 /

Další autoři: Koudelková, Petra, 1985-
Jazyk: Slovenština
Čeština
Vydáno: Praha : Univerzita Karlova, nakladatelství Karolinum, 2021
Vydání: První vydání
Témata:
Fyzický popis: 115 stran ; 21 cm
Language note: Částečně slovenský text, anglické resumé
Knihy
Uloženo v:
LEADER 02907nam a2200781 i 4500
001 nkc20213326082
003 CZ PrNK
005 20250627160809.0
007 ta
008 210611s2021 xr f 000 0 cze
015 |a cnb003326082 
020 |a 978-80-246-4753-1  |q (brožováno) 
035 |a (OCoLC)1263270640 
040 |a ABA001  |b cze  |e rda 
041 0 |a cze  |a slo  |b eng 
043 |a e-xr---  |a e-xo--- 
045 |a y1y1 
072 7 |a 316.4/.7  |x Sociální interakce. Sociální komunikace  |2 Konspekt  |9 18 
080 |a 271.4/273.2  |2 MRF 
080 |a 27  |2 MRF 
080 |a 316.776.3  |2 MRF 
080 |a 316.774:316.776.33  |2 MRF 
080 |a 316.774  |2 MRF 
080 |a 659.3  |2 MRF 
080 |a 316.774:2  |2 MRF 
080 |a 27-662:3  |2 MRF 
080 |a (437.3)  |2 MRF 
080 |a (437.6)  |2 MRF 
080 |a (062.534)  |2 MRF 
080 |a (048.8:082)  |2 MRF 
245 0 0 |a Obraz katolické církve v českých a slovenských médiích v letech 2015-2018 /  |c Petra Koudelková (ed.) 
250 |a První vydání 
264 1 |a Praha :  |b Univerzita Karlova, nakladatelství Karolinum,  |c 2021 
300 |a 115 stran ;  |c 21 cm 
336 |a text  |b txt  |2 rdacontent 
337 |a bez média  |b n  |2 rdamedia 
338 |a svazek  |b nc  |2 rdacarrier 
504 |a Obsahuje bibliografii a bibliografické odkazy 
546 |a Částečně slovenský text, anglické resumé 
648 7 |a 2011-2020  |7 ch460589  |2 czenas 
648 4 |a 2015-2018 
650 0 7 |a katolické církve  |7 ph311258  |z Česko  |y 2011-2020  |2 czenas 
650 0 7 |a katolické církve  |7 ph311258  |z Slovensko  |y 2011-2020  |2 czenas 
650 0 7 |a křesťanství  |7 ph115073  |y 2011-2020  |2 czenas 
650 0 7 |a mediální obraz  |7 ph119785  |y 2011-2020  |2 czenas 
650 0 7 |a vliv médií  |7 ph489477  |y 2011-2020  |2 czenas 
650 0 7 |a masmédia  |7 ph115233  |y 2011-2020  |2 czenas 
650 0 7 |a masmédia a náboženství  |7 ph784677  |y 2011-2020  |2 czenas 
650 0 7 |a křesťanství a společnost  |7 ph138510  |y 2011-2020  |2 czenas 
650 0 9 |a Catholic churches  |z Czechia  |2 eczenas 
650 0 9 |a Catholic churches  |z Slovakia  |2 eczenas 
650 0 9 |a Christianity  |y 2011-2020  |2 eczenas 
650 0 9 |a media coverage  |y 2011-2020  |2 eczenas 
650 0 9 |a media influence  |y 2011-2020  |2 eczenas 
650 0 9 |a mass media  |y 2011-2020  |2 eczenas 
650 0 9 |a mass media and religion  |y 2011-2020  |2 eczenas 
650 0 9 |a Christianity and civilization  |y 2011-2020  |2 eczenas 
655 7 |a sborníky konferencí  |7 fd133333  |2 czenas 
655 7 |a kolektivní monografie  |7 fd501537  |2 czenas 
655 9 |a proceedings of conferences  |2 eczenas 
655 9 |a collective monographs  |2 eczenas 
700 1 |a Koudelková, Petra,  |d 1985-  |7 vut2013749395  |4 edt 
910 2 |a BOA001  |b 2-1465.808 
928 9 |a Karolinum 
990 |a BK 
995 |a 01 
991 |b 202107  |c NOV 
996 6 |b 2610870112  |c 2-1465.808  |l MZK  |r Sklad / do 1 hodiny  |n 0  |p p.v.  |w 001855654  |u 000010  |a 1  |e BOA001  |j MZK50  |s P